000 00377nam a2200157Ia 4500
008 230312s9999||||xx |||||||||||||| ||und||
020 _a0-201-42290-5
082 _a005.4
_bWIL
100 _aReinhard Wilhelm
245 0 _aComputer Design
260 _bAddison-Wesley
_aEngland
_c1996
300 _a606
546 _aEng.
650 _aComputer
_vSyntax Analaysis
942 _cBK
999 _c3063
_d3063